| 000 | 01174cam a22002774a 4500 | ||
|---|---|---|---|
| 001 | 12129932 | ||
| 005 | 20010511172521.0 | ||
| 008 | 000803s2001 nyu | 001 0 eng d | ||
| 010 | _a 00043757 | ||
| 020 | _a9780142000281 | ||
| 040 |
_aDLC _cDLC _dDLC |
||
| 042 | _apcc | ||
| 050 | 0 | 0 |
_aBF637.T5 _bA45 2001 |
| 082 | 0 | 0 |
_a646.7 _221 _bALL |
| 100 | 1 |
_aAllen, David, _d1945 Dec. 28- _915829 |
|
| 245 | 1 | 0 |
_aGetting Things Done : _bThe Art of Stress-Free Productivity / _cDavid Allen. |
| 260 |
_aNew York : _bpenguin, _cc2001. |
||
| 300 |
_axiv, 267 p. ; _c24 cm. |
||
| 500 | _aIncludes index. | ||
| 541 | _aBacca ; | ||
| 650 | 0 |
_aTime management. _915830 |
|
| 650 | 0 |
_aSelf-management (Psychology) _915831 |
|
| 942 |
_2ddc _cBB |
||
| 999 |
_c14363 _d14363 |
||